000 00967nam a2200253 a 4500
001 BRCA_4782
005 20190320204814.0
008 081010c1966----ag-af#####---#000-0#spa-#
041 _aspa
044 _aag
050 4 _aND553
_b.P56
_c1966
245 1 0 _aHenri Rousseau
_cmonografía por Carla Lonzi ; traducción por Marcial Suárez ; enfoque de actualidad, por Ernesto B. Rodríguez.
260 _aArgentina
_bCodex
_c1966
300 _a1 v. (sin paginación)
_bil., 16 láminas a color
_c36 cm.
440 0 _aPinacoteca de los genios : la más grandiosa colección de arte del mundo
_v143
_912090
500 _aIncluye índice de ilustraciones y nómina de pintores publicados de los genios
600 1 4 _aRousseau, Henri
_d1844-1910
_912091
650 1 4 _aPintura
_zArgentina
_912062
650 1 4 _aArte
_zArgentina
_912092
700 1 _aLonzi, Carla
_912093
700 1 _aRodríguez, Ernesto B.
_912094
700 1 _aSuárez, Marcial
_etr.
_912095
942 _2lcc
_cB
999 _c4479
_d4479